[Event "NDVM 2019 U14w"]
[Site "Kiel"]
[Date "2019.09.15"]
[Round "7.1"]
[White "Roncea, Andreea-Alexandra"]
[Black "Fayngold, Sophie Olivia"]
[Result "1/2-1/2"]
[BlackElo "1581"]
[WhiteElo "1677"]
[LiveChessVersion "1.4.8"]

1. e4 {[%clk 1:30:59]} e5 {[%clk 1:30:56]} 2. Nf3 {[%clk 1:31:24]} Nc6
{[%clk 1:31:22]} 3. Bc4 {[%clk 1:31:49]} Bc5 {[%clk 1:31:49]} 4. d3
{[%clk 1:32:14]} d6 {[%clk 1:32:11]} 5. c3 {[%clk 1:32:30]} Bg4 {[%clk 1:32:36]}
6. Bb3 {[%clk 1:32:50]} Nf6 {[%clk 1:32:29]} 7. O-O {[%clk 1:33:02]} Bb6
{[%clk 1:32:23]} 8. Nbd2 {[%clk 1:33:03]} Qd7 {[%clk 1:32:40]} 9. Bc2
{[%clk 1:33:11]} Ne7 {[%clk 1:28:28]} 10. Re1 {[%clk 1:30:29]} c6
{[%clk 1:25:23]} 11. Nf1 {[%clk 1:25:37]} O-O-O {[%clk 1:22:15]} 12. b4
{[%clk 1:23:23]} Ng6 {[%clk 1:15:32]} 13. h3 {[%clk 1:09:51]} Bh5
{[%clk 1:02:55]} 14. N1h2 {[%clk 1:00:49]} Nh4 {[%clk 0:56:06]} 15. a4
{[%clk 0:57:06]} Nxf3+ {[%clk 0:38:35]} 16. Nxf3 {[%clk 0:56:50]} h6
{[%clk 0:38:28]} 17. b5 {[%clk 0:52:40]} c5 {[%clk 0:26:52]} 18. a5
{[%clk 0:48:09]} Bc7 {[%clk 0:26:46]} 19. b6 {[%clk 0:44:06]} axb6
{[%clk 0:26:52]} 20. axb6 {[%clk 0:43:38]} Bxb6 {[%clk 0:27:11]} 21. Ba4
{[%clk 0:43:24]} Qe6 {[%clk 0:22:59]} 22. d4 {[%clk 0:32:27]} Kc7
{[%clk 0:17:31]} 23. d5 {[%clk 0:30:23]} Qe7 {[%clk 0:17:23]} 24. Rb1
{[%clk 0:26:49]} Ra8 {[%clk 0:02:37]} 25. Qb3 {[%clk 0:25:44]} Kc8
{[%clk 0:02:13]} 26. Qxb6 {[%clk 0:24:36]} Rxa4 {[%clk 0:02:09]} 27. Nh4
{[%clk 0:22:34]} Qc7 {[%clk 0:00:38]} 28. Qxc7+ {[%clk 0:15:12]} Kxc7
{[%clk 0:01:04]} 29. f3 {[%clk 0:15:19]} g5 {[%clk 0:01:21]} 30. Nf5
{[%clk 0:15:33]} Bg6 {[%clk 0:01:41]} 31. Ne3 {[%clk 0:15:23]} Nd7
{[%clk 0:01:22]} 32. Re2 {[%clk 0:15:09]} Ra7 {[%clk 0:01:26]} 33. Reb2
{[%clk 0:14:23]} b6 {[%clk 0:01:28]} 34. Nc4 {[%clk 0:14:10]} Ra6
{[%clk 0:01:21]} 35. Rb5 {[%clk 0:13:31]} Rb8 {[%clk 0:01:27]} 36. Bd2
{[%clk 0:11:57]} Bh7 {[%clk 0:01:10]} 37. h4 {[%clk 0:11:29]} f6 {[%clk 0:01:16]}
38. g4 {[%clk 0:10:54]} Rba8 {[%clk 0:00:59]} 39. h5 {[%clk 0:10:16]} Ra1
{[%clk 0:01:01]} 40. Kf2 {[%clk 0:08:12]} Rxb1 {[%clk 0:01:16]} 41. Rxb1
{[%clk 0:08:38]} Bg8 {[%clk 0:00:42]} 42. Ne3 {[%clk 0:08:07]} Bf7
{[%clk 0:29:27]} 43. Nf5 {[%clk 0:38:04]} Bg8 {[%clk 0:13:38]} 1/2-1/2

[Event "NDVM 2019 U14w"]
[Site "Kiel"]
[Date "2019.09.15"]
[Round "7.2"]
[White "Gehrke, Gina Celina"]
[Black "Zoellner, Bente"]
[Result "0-1"]
[BlackElo "1619"]
[WhiteElo "1543"]
[LiveChessVersion "1.4.8"]

1. d4 {[%clk 1:30:55]} Nf6 {[%clk 1:30:56]} 2. e3 {[%clk 1:31:15]} g6
{[%clk 1:31:06]} 3. c4 {[%clk 1:31:16]} c5 {[%clk 1:30:43]} 4. Nc3
{[%clk 1:30:23]} cxd4 {[%clk 1:29:34]} 5. exd4 {[%clk 1:30:36]} Bg7
{[%clk 1:27:19]} 6. Nf3 {[%clk 1:29:53]} O-O {[%clk 1:21:51]} 7. g3
{[%clk 1:29:56]} d5 {[%clk 1:17:32]} 8. b3 {[%clk 1:29:13]} Nc6 {[%clk 1:15:19]}
9. Bb2 {[%clk 1:28:23]} Bg4 {[%clk 1:13:08]} 10. cxd5 {[%clk 1:26:26]} Nxd4
{[%clk 1:09:09]} 11. Bg2 {[%clk 1:25:59]} Nxf3+ {[%clk 1:06:02]} 12. Bxf3
{[%clk 1:26:06]} Bxf3 {[%clk 1:05:48]} 13. Qxf3 {[%clk 1:26:28]} Qd7
{[%clk 1:01:58]} 14. O-O {[%clk 1:25:23]} Qh3 {[%clk 0:58:04]} 15. Rfe1
{[%clk 1:24:32]} Rfe8 {[%clk 0:52:56]} 16. Re2 {[%clk 1:23:57]} Ng4
{[%clk 0:47:50]} 17. Qg2 {[%clk 1:23:56]} Qxg2+ {[%clk 0:47:54]} 18. Kxg2
{[%clk 1:24:19]} a6 {[%clk 0:46:48]} 19. Nd1 {[%clk 1:24:10]} Rad8
{[%clk 0:46:15]} 20. Bxg7 {[%clk 1:23:40]} Kxg7 {[%clk 0:46:41]} 21. Nc3
{[%clk 1:23:49]} Nf6 {[%clk 0:46:26]} 22. Rd1 {[%clk 1:23:53]} b5
{[%clk 0:44:26]} 23. b4 {[%clk 1:24:01]} Rd7 {[%clk 0:44:32]} 24. Kg1
{[%clk 1:19:48]} Red8 {[%clk 0:44:05]} 25. Rde1 {[%clk 1:15:55]} Kf8
{[%clk 0:42:03]} 26. a3 {[%clk 1:15:48]} Rc8 {[%clk 0:40:41]} 27. Re3
{[%clk 1:15:27]} Rcc7 {[%clk 0:39:32]} 28. h3 {[%clk 1:14:18]} Nxd5
{[%clk 0:38:52]} 29. Nxd5 {[%clk 1:14:19]} Rxd5 {[%clk 0:39:15]} 30. Kg2
{[%clk 1:14:07]} Rcd7 {[%clk 0:38:30]} 31. g4 {[%clk 1:14:13]} e6
{[%clk 0:38:45]} 32. Kf3 {[%clk 1:13:14]} Rd3 {[%clk 0:38:37]} 33. Rxd3
{[%clk 1:13:19]} Rxd3+ {[%clk 0:38:22]} 34. Re3 {[%clk 1:13:43]} Rxe3+
{[%clk 0:37:56]} 35. Kxe3 {[%clk 1:13:52]} Ke7 {[%clk 0:37:46]} 36. g5
{[%clk 1:14:11]} e5 {[%clk 0:36:45]} 37. f4 {[%clk 1:09:43]} Ke6 {[%clk 0:36:04]}
38. Ke4 {[%clk 1:09:48]} exf4 {[%clk 0:36:10]} 39. Kxf4 {[%clk 1:10:01]} Kd5
{[%clk 0:36:27]} 40. h4 {[%clk 1:09:57]} Kd4 {[%clk 0:34:59]} 41. Kf3
{[%clk 1:10:12]} Ke5 {[%clk 0:34:31]} 42. Ke3 {[%clk 1:10:26]} Kf5
{[%clk 0:34:43]} 43. Kf3 {[%clk 1:10:27]} f6 {[%clk 0:34:53]} 44. gxf6
{[%clk 1:10:15]} Kxf6 {[%clk 0:35:19]} 45. Kg4 {[%clk 1:10:00]} h6
{[%clk 0:35:32]} 46. Kf4 {[%clk 1:09:57]} g5+ {[%clk 0:35:53]} 0-1

[Event "NDVM 2019 U14w"]
[Site "Kiel"]
[Date "2019.09.15"]
[Round "7.3"]
[White "Evering, Enna"]
[Black "Liu, Shandy"]
[Result "1/2-1/2"]
[BlackElo "929"]
[WhiteElo "1604"]
[LiveChessVersion "1.4.8"]

1. e4 {[%clk 1:30:58]} e5 {[%clk 1:30:56]} 2. Nf3 {[%clk 1:31:20]} Nc6
{[%clk 1:31:17]} 3. d4 {[%clk 1:31:44]} exd4 {[%clk 1:31:38]} 4. Nxd4
{[%clk 1:32:05]} Bc5 {[%clk 1:32:00]} 5. Nb3 {[%clk 1:32:28]} Bb6
{[%clk 1:32:01]} 6. Nc3 {[%clk 1:32:40]} Nf6 {[%clk 1:31:57]} 7. Bg5
{[%clk 1:32:48]} d6 {[%clk 1:31:47]} 8. Qe2 {[%clk 1:31:05]} h6 {[%clk 1:31:14]}
9. Bh4 {[%clk 1:30:04]} g5 {[%clk 1:29:14]} 10. Bg3 {[%clk 1:30:01]} Be6
{[%clk 1:28:07]} 11. O-O-O {[%clk 1:20:55]} Qe7 {[%clk 1:26:16]} 12. f3
{[%clk 1:18:30]} O-O-O {[%clk 1:23:02]} 13. Nd5 {[%clk 1:09:10]} Bxd5
{[%clk 1:19:28]} 14. exd5 {[%clk 1:08:17]} Qxe2 {[%clk 1:18:38]} 15. Bxe2
{[%clk 1:08:27]} Ne7 {[%clk 1:18:19]} 16. c4 {[%clk 1:02:52]} Rhe8
{[%clk 1:06:04]} 17. Bd3 {[%clk 0:59:45]} Nh5 {[%clk 0:59:44]} 18. Be1
{[%clk 0:52:29]} Nf4 {[%clk 0:56:26]} 19. g3 {[%clk 0:52:27]} Nxd3+
{[%clk 0:54:25]} 20. Rxd3 {[%clk 0:52:47]} f6 {[%clk 0:44:25]} 21. Bc3
{[%clk 0:50:20]} Rf8 {[%clk 0:40:27]} 22. Re1 {[%clk 0:48:12]} Ng6
{[%clk 0:38:07]} 23. Bd4 {[%clk 0:42:46]} Bxd4 {[%clk 0:37:31]} 24. Nxd4
{[%clk 0:41:55]} Ne5 {[%clk 0:37:06]} 25. Rc3 {[%clk 0:41:59]} Rfe8
{[%clk 0:34:31]} 26. Kd1 {[%clk 0:36:55]} a6 {[%clk 0:29:21]} 27. Ne6
{[%clk 0:33:20]} Rd7 {[%clk 0:28:18]} 28. f4 {[%clk 0:31:22]} Ng6
{[%clk 0:22:20]} 29. fxg5 {[%clk 0:29:52]} fxg5 {[%clk 0:19:05]} 30. Rf1
{[%clk 0:26:12]} g4 {[%clk 0:15:00]} 31. Rc2 {[%clk 0:23:17]} h5 {[%clk 0:13:00]}
32. Rf6 {[%clk 0:22:36]} Rg8 {[%clk 0:09:39]} 33. Rcf2 {[%clk 0:22:20]} b5
{[%clk 0:08:14]} 34. b3 {[%clk 0:12:14]} bxc4 {[%clk 0:07:49]} 35. bxc4
{[%clk 0:12:12]} a5 {[%clk 0:07:09]} 36. Kc2 {[%clk 0:11:13]} Kb7
{[%clk 0:05:52]} 37. c5 {[%clk 0:09:03]} c6 {[%clk 0:05:20]} 38. Rxg6
{[%clk 0:03:26]} Rxg6 {[%clk 0:05:11]} 39. Nf8 {[%clk 0:03:48]} Rgg7
{[%clk 0:04:59]} 40. Nxd7 {[%clk 0:02:30]} Rxd7 {[%clk 0:05:17]} 41. dxc6+
{[%clk 0:02:12]} Kxc6 {[%clk 0:05:34]} 42. cxd6 {[%clk 0:02:24]} Rxd6
{[%clk 0:05:49]} 43. Rf5 {[%clk 0:02:18]} Rd5 {[%clk 0:06:00]} 44. Rxd5
{[%clk 0:01:22]} Kxd5 {[%clk 0:05:45]} 45. Kd3 {[%clk 0:27:22]} a4
{[%clk 0:34:42]} 46. a3 {[%clk 0:26:32]} 1/2-1/2

[Event "NDVM 2019 U14w"]
[Site "Kiel"]
[Date "2019.09.15"]
[Round "7.4"]
[White "Kahlaee Semnani, Barin"]
[Black "Kube, Maja"]
[Result "0-1"]
[BlackElo "930"]
[WhiteElo "780"]
[LiveChessVersion "1.4.8"]

1. e4 {[%clk 1:30:58]} e5 {[%clk 1:30:54]} 2. Nf3 {[%clk 1:31:20]} Nc6
{[%clk 1:31:17]} 3. Nc3 {[%clk 1:31:42]} Nf6 {[%clk 1:31:38]} 4. Bc4
{[%clk 1:32:01]} Bc5 {[%clk 1:31:28]} 5. d3 {[%clk 1:32:19]} O-O {[%clk 1:31:30]}
6. Bg5 {[%clk 1:32:16]} h6 {[%clk 1:31:38]} 7. Bxf6 {[%clk 1:32:23]} Qxf6
{[%clk 1:30:20]} 8. O-O {[%clk 1:32:11]} d6 {[%clk 1:30:03]} 9. h3
{[%clk 1:32:27]} Qg6 {[%clk 1:30:13]} 10. Nh4 {[%clk 1:31:18]} Qg3
{[%clk 1:28:55]} 11. Nf5 {[%clk 1:28:58]} Bxf5 {[%clk 1:27:55]} 12. exf5
{[%clk 1:29:10]} Qf4 {[%clk 1:26:15]} 13. Qh5 {[%clk 1:28:45]} Ne7
{[%clk 1:25:20]} 14. Ne2 {[%clk 1:28:07]} Qxf5 {[%clk 1:24:48]} 15. Qh4
{[%clk 1:23:54]} Ng6 {[%clk 1:23:43]} 16. Qg3 {[%clk 1:23:33]} c6
{[%clk 1:23:10]} 17. Bb3 {[%clk 1:21:30]} d5 {[%clk 1:22:30]} 18. Nc3
{[%clk 1:21:19]} Rfd8 {[%clk 1:21:36]} 19. Rfe1 {[%clk 1:20:38]} Rd6
{[%clk 1:20:03]} 20. Na4 {[%clk 1:20:07]} Bd4 {[%clk 1:19:45]} 21. Re2
{[%clk 1:13:25]} b5 {[%clk 1:18:25]} 22. Nc3 {[%clk 1:13:03]} Rad8
{[%clk 1:17:15]} 23. Rae1 {[%clk 1:12:38]} Rf6 {[%clk 1:16:33]} 24. Rf1
{[%clk 1:10:59]} Rd7 {[%clk 1:12:26]} 25. Nd1 {[%clk 1:08:52]} Qh5
{[%clk 1:09:50]} 26. Rd2 {[%clk 1:09:05]} Nf4 {[%clk 1:07:54]} 27. Kh1
{[%clk 1:08:47]} Ne2 {[%clk 1:06:53]} 28. Qh2 {[%clk 1:07:34]} e4
{[%clk 1:02:37]} 29. Qb8+ Kh7 30. dxe4 {[%clk 1:06:03]} Be5 {[%clk 1:01:29]} 31.
Qc8 {[%clk 1:03:43]} Ng3+ {[%clk 1:01:33]} 32. Kg1 {[%clk 1:02:41]} Nxf1
{[%clk 1:01:19]} 33. Qxd7 {[%clk 1:02:49]} Nxd2 {[%clk 1:01:36]} 34. Qxa7
{[%clk 1:02:49]} Qxd1# 0-1

[Event "NDVM 2019 U14w"]
[Site "Kiel"]
[Date "2019.09.15"]
[Round "7.5"]
[White "Berghold, Lotta"]
[Black "Margaryan, Venera"]
[Result "1-0"]
[BlackElo "1293"]
[WhiteElo "1471"]
[LiveChessVersion "1.4.8"]

1. d4 {[%clk 1:30:58]} Nf6 {[%clk 1:30:50]} 2. Nd2 {[%clk 1:30:46]} d5
{[%clk 1:30:58]} 3. Ngf3 {[%clk 1:31:11]} Nbd7 {[%clk 1:26:50]} 4. e3
{[%clk 1:31:33]} c5 {[%clk 1:26:10]} 5. c3 {[%clk 1:31:34]} e6 {[%clk 1:24:44]}
6. Bd3 {[%clk 1:31:58]} Bd6 {[%clk 1:23:34]} 7. O-O {[%clk 1:32:05]} Qc7
{[%clk 1:22:52]} 8. Re1 {[%clk 1:29:22]} O-O {[%clk 1:22:20]} 9. h3
{[%clk 1:27:03]} b6 {[%clk 1:20:05]} 10. e4 {[%clk 1:25:30]} dxe4
{[%clk 1:18:06]} 11. Nxe4 {[%clk 1:25:48]} Nxe4 {[%clk 1:15:30]} 12. Bxe4
{[%clk 1:25:47]} Bb7 {[%clk 1:14:09]} 13. Bxb7 {[%clk 1:24:34]} Qxb7
{[%clk 1:14:01]} 14. dxc5 {[%clk 1:24:02]} Bxc5 {[%clk 1:13:34]} 15. Be3
{[%clk 1:19:49]} Rfd8 {[%clk 1:09:21]} 16. Qc2 {[%clk 1:14:39]} Rac8
{[%clk 1:05:44]} 17. Rad1 {[%clk 1:13:33]} Qc6 {[%clk 0:52:28]} 18. Rd3
{[%clk 1:08:55]} b5 {[%clk 0:41:09]} 19. Qd2 {[%clk 1:05:33]} Rc7
{[%clk 0:37:58]} 20. Ne5 {[%clk 1:00:15]} Bxe3 {[%clk 0:36:34]} 21. Rexe3
{[%clk 0:58:32]} Qb7 {[%clk 0:36:33]} 22. Rg3 {[%clk 0:51:29]} h6
{[%clk 0:34:17]} 23. Qxh6 {[%clk 0:50:43]} g6 {[%clk 0:32:09]} 24. Nxg6
{[%clk 0:49:24]} fxg6 {[%clk 0:32:10]} 25. Rxg6+ {[%clk 0:49:42]} Kf7
{[%clk 0:32:22]} 26. Qh7+ {[%clk 0:49:42]} Ke8 {[%clk 0:32:25]} 27. Rxe6+
{[%clk 0:49:48]} Kf8 {[%clk 0:32:35]} 28. Qe7+ {[%clk 0:48:45]} Kg8
{[%clk 0:32:43]} 29. Rg3+ {[%clk 0:48:55]} Kh8 {[%clk 0:32:57]} 30. Rh6# 1-0

[Event "NDVM 2019 U14w"]
[Site "Kiel"]
[Date "2019.09.15"]
[Round "7.6"]
[White "Daoud, Shahnaz"]
[Black "Mueller, Helene"]
[Result "0-1"]
[BlackElo "1476"]
[WhiteElo "1127"]
[LiveChessVersion "1.4.8"]

1. d4 {[%clk 1:30:57]} Nf6 {[%clk 1:30:51]} 2. f3 {[%clk 1:26:23]} g6
{[%clk 1:30:48]} 3. e4 {[%clk 1:26:36]} Bg7 {[%clk 1:30:52]} 4. Be3
{[%clk 1:26:46]} d6 {[%clk 1:30:45]} 5. c3 {[%clk 1:26:05]} b6 {[%clk 1:28:29]}
6. Qd2 {[%clk 1:25:50]} Bb7 {[%clk 1:26:40]} 7. Bd3 {[%clk 1:25:57]} c5
{[%clk 1:26:24]} 8. d5 {[%clk 1:24:55]} O-O {[%clk 1:26:06]} 9. Bh6
{[%clk 1:25:06]} Nbd7 {[%clk 1:19:46]} 10. Bxg7 {[%clk 1:22:33]} Kxg7
{[%clk 1:20:03]} 11. Nh3 {[%clk 1:20:38]} Ne5 {[%clk 1:16:51]} 12. Be2
{[%clk 1:20:21]} Bc8 {[%clk 1:13:31]} 13. Nf2 {[%clk 1:18:06]} h6
{[%clk 1:09:44]} 14. h4 {[%clk 1:17:36]} Nh7 {[%clk 1:01:22]} 15. f4
{[%clk 1:16:39]} Nd7 {[%clk 1:01:19]} 16. f5 {[%clk 1:15:40]} Ne5
{[%clk 0:58:46]} 17. g4 {[%clk 1:15:13]} e6 {[%clk 0:56:21]} 18. c4
{[%clk 1:11:42]} Ba6 19. b3 {[%clk 1:11:41]} b5 {[%clk 0:54:17]} 20. cxb5
{[%clk 1:11:36]} Bxb5 {[%clk 0:54:28]} 21. Bxb5 {[%clk 1:11:52]} Nf3+
{[%clk 0:54:49]} 22. Ke2 {[%clk 1:10:44]} Nxd2 {[%clk 0:54:59]} 23. Nxd2
{[%clk 1:11:08]} exd5 {[%clk 0:54:45]} 24. exd5 {[%clk 1:10:28]} Qe7+
{[%clk 0:54:13]} 25. Kd3 {[%clk 1:10:15]} Qe5 {[%clk 0:53:28]} 26. Bc6
{[%clk 1:05:25]} Qd4+ {[%clk 0:53:40]} 27. Kc2 {[%clk 1:05:39]} Qxf2
{[%clk 0:52:43]} 28. Bxa8 {[%clk 1:05:52]} Rxa8 {[%clk 0:53:11]} 29. Rae1
{[%clk 1:03:41]} Nf6 {[%clk 0:52:50]} 30. g5 {[%clk 1:01:09]} Qxf5+
{[%clk 0:52:50]} 31. Kc1 {[%clk 1:01:21]} hxg5 {[%clk 0:52:35]} 32. hxg5
{[%clk 1:01:22]} Qxg5 {[%clk 0:52:55]} 33. Re2 {[%clk 0:49:54]} Rh8
{[%clk 0:51:47]} 34. Rhe1 {[%clk 0:50:14]} Nxd5 {[%clk 0:51:32]} 35. Kb2
{[%clk 0:49:50]} Nf4 {[%clk 0:51:26]} 36. Re3 {[%clk 0:46:23]} Ng2
{[%clk 0:51:32]} 37. Ne4 {[%clk 0:37:10]} Qe5+ {[%clk 0:51:31]} 38. Ka3
{[%clk 0:37:17]} Nxe1 {[%clk 0:51:41]} 39. Rxe1 {[%clk 0:37:40]} d5
{[%clk 0:51:56]} 40. Rd1 {[%clk 0:33:13]} Qxe4 {[%clk 0:52:10]} 41. Rc1
{[%clk 0:33:27]} Qb4+ {[%clk 0:51:43]} 42. Kb2 {[%clk 0:33:49]} Rh2+
{[%clk 0:51:55]} 43. Kb1 {[%clk 0:34:12]} Qd4 {[%clk 0:52:03]} 44. Rc2
{[%clk 0:34:21]} Qd3 {[%clk 0:52:23]} 45. Ka1 {[%clk 0:34:16]} Qxc2
{[%clk 0:52:38]} 46. a4 {[%clk 0:34:34]} Qb2# 0-1

[Event "NDVM 2019 U14w"]
[Site "Kiel"]
[Date "2019.09.15"]
[Round "7.7"]
[White "Kluehs, Isabel"]
[Black "Thiele, Lea-Marie"]
[Result "1-0"]
[BlackElo "1066"]
[WhiteElo "1312"]
[LiveChessVersion "1.4.8"]

1. d4 {[%clk 1:30:59]} Nf6 {[%clk 1:30:46]} 2. Nf3 {[%clk 1:31:07]} d5
{[%clk 1:30:20]} 3. e3 {[%clk 1:31:12]} g6 {[%clk 1:30:05]} 4. Bd3
{[%clk 1:31:33]} Bg7 {[%clk 1:29:35]} 5. c3 {[%clk 1:30:59]} Nbd7
{[%clk 1:29:00]} 6. Nbd2 {[%clk 1:31:10]} O-O {[%clk 1:27:34]} 7. O-O
{[%clk 1:29:30]} c6 {[%clk 1:27:14]} 8. e4 {[%clk 1:28:31]} dxe4 {[%clk 1:27:07]}
9. Nxe4 {[%clk 1:28:52]} Nxe4 {[%clk 1:27:22]} 10. Bxe4 {[%clk 1:29:12]} Nf6
{[%clk 1:27:05]} 11. Bc2 {[%clk 1:28:50]} Qc7 {[%clk 1:27:03]} 12. h3
{[%clk 1:28:54]} Nh5 {[%clk 1:23:12]} 13. Be3 {[%clk 1:28:41]} Nf4
{[%clk 1:22:32]} 14. Qd2 {[%clk 1:28:56]} Nxh3+ {[%clk 1:20:53]} 15. Kh1
{[%clk 1:27:24]} Rd8 {[%clk 1:20:10]} 16. Bb3 {[%clk 1:27:23]} Qa5
{[%clk 1:12:57]} 17. Ng5 {[%clk 1:26:34]} Nxg5 {[%clk 1:12:39]} 18. Bxg5
{[%clk 1:24:21]} h6 {[%clk 1:11:35]} 19. Bf4 {[%clk 1:24:08]} Qh5+
{[%clk 1:11:37]} 20. Kg1 {[%clk 1:23:26]} c5 {[%clk 1:08:38]} 21. Qe3
{[%clk 1:23:41]} cxd4 {[%clk 1:08:18]} 22. Qxe7 {[%clk 1:21:58]} Be6 23. Bxe6
{[%clk 1:21:16]} fxe6 {[%clk 1:05:43]} 24. Qxe6+ {[%clk 1:21:38]} Kh8
{[%clk 1:06:00]} 25. cxd4 {[%clk 1:18:48]} Rxd4 {[%clk 1:04:51]} 26. Bg3
{[%clk 1:18:08]} Rg4 {[%clk 1:04:34]} 27. Rab1 {[%clk 1:17:43]} Bd4
{[%clk 1:04:42]} 28. b3 {[%clk 1:16:42]} Rxg3 {[%clk 1:04:36]} 29. Rbc1
{[%clk 1:13:32]} Qf5 {[%clk 1:03:50]} 30. Qd6 {[%clk 1:12:29]} Qh3
{[%clk 1:03:49]} 31. Qxd4+ {[%clk 1:12:30]} Kh7 {[%clk 1:04:00]} 32. fxg3
{[%clk 1:12:31]} Qxg3 {[%clk 1:04:21]} 33. Rf7+ {[%clk 1:12:45]} Kg8
{[%clk 1:04:40]} 34. Qg7# 1-0

[Event "NDVM 2019 U14w"]
[Site "Kiel"]
[Date "2019.09.15"]
[Round "7.8"]
[White "Stelter, Finja"]
[Black "Hafermann, Lara"]
[Result "1-0"]
[BlackElo "800"]
[WhiteElo "929"]
[LiveChessVersion "1.4.8"]

1. e4 {[%clk 1:30:59]} e5 {[%clk 1:30:59]} 2. Nf3 {[%clk 1:31:24]} Nc6
{[%clk 1:31:22]} 3. Bc4 {[%clk 1:31:47]} Bc5 {[%clk 1:31:40]} 4. d3
{[%clk 1:32:11]} Nf6 {[%clk 1:32:00]} 5. Nc3 {[%clk 1:32:25]} d6 {[%clk 1:32:19]}
6. h3 {[%clk 1:32:48]} Bd7 {[%clk 1:32:21]} 7. Be3 {[%clk 1:32:57]} Qe7
{[%clk 1:32:33]} 8. Bg5 {[%clk 1:32:35]} h6 {[%clk 1:32:56]} 9. Nd5
{[%clk 1:32:57]} Qd8 {[%clk 1:32:04]} 10. Nxf6+ {[%clk 1:33:02]} gxf6
{[%clk 1:32:06]} 11. Bh4 {[%clk 1:33:13]} Qe7 {[%clk 1:31:22]} 12. c3
{[%clk 1:31:10]} Be6 {[%clk 1:30:23]} 13. Qb3 {[%clk 1:30:02]} Bxc4
{[%clk 1:29:45]} 14. Qxc4 {[%clk 1:30:14]} O-O-O {[%clk 1:29:55]} 15. O-O
{[%clk 1:29:00]} a6 {[%clk 1:29:45]} 16. a4 {[%clk 1:28:32]} d5 {[%clk 1:29:10]}
17. exd5 {[%clk 1:26:34]} Rxd5 18. Qxd5 {[%clk 1:26:49]} Rd8 {[%clk 1:29:59]} 19.
Qc4 {[%clk 1:24:51]} Na5 {[%clk 1:29:55]} 20. Qg4+ {[%clk 1:24:42]} Kb8
{[%clk 1:30:14]} 21. Qg7 {[%clk 1:24:29]} Rd6 {[%clk 1:29:54]} 22. Qxh6
{[%clk 1:23:31]} Nc6 {[%clk 1:29:54]} 23. b4 {[%clk 1:23:14]} Ba7
{[%clk 1:30:04]} 24. Rfe1 {[%clk 1:20:41]} f5 {[%clk 1:29:30]} 25. Bxe7
{[%clk 1:20:36]} Rxh6 {[%clk 1:29:54]} 26. Bg5 {[%clk 1:19:44]} Re6 27. Nd2
{[%clk 1:14:24]} Rd6 {[%clk 1:30:16]} 28. Nc4 {[%clk 1:13:13]} Rxd3
{[%clk 1:30:29]} 29. Nxe5 {[%clk 1:12:58]} Nxe5 {[%clk 1:29:40]} 30. Rxe5
{[%clk 1:13:12]} c6 {[%clk 1:28:47]} 31. Bf4 {[%clk 1:12:31]} Kc8
{[%clk 1:28:42]} 32. Rae1 {[%clk 1:11:20]} Rxc3 {[%clk 1:28:41]} 33. Re8+
{[%clk 1:11:39]} Kd7 {[%clk 1:29:06]} 34. R1e7# {[%clk 1:12:01]} 1-0

[Event "NDVM 2019 U14w"]
[Site "Kiel"]
[Date "2019.09.15"]
[Round "7.9"]
[White "Koepnick, Amanda"]
[Black "Hubert, Charlotte"]
[Result "0-1"]
[BlackElo "1574"]
[WhiteElo "1019"]
[LiveChessVersion "1.4.8"]

1. e4 {[%clk 1:30:58]} c5 {[%clk 1:30:54]} 2. Nf3 {[%clk 1:31:19]} e6
{[%clk 1:31:16]} 3. Bc4 {[%clk 1:30:52]} Nc6 {[%clk 1:30:12]} 4. c3
{[%clk 1:30:51]} Qc7 {[%clk 1:27:18]} 5. O-O {[%clk 1:27:25]} Be7
{[%clk 1:26:19]} 6. d4 {[%clk 1:26:49]} cxd4 {[%clk 1:25:27]} 7. cxd4
{[%clk 1:26:56]} Nf6 {[%clk 1:24:57]} 8. d5 {[%clk 1:24:34]} Ne5 {[%clk 1:19:57]}
9. Bf4 {[%clk 1:24:12]} Nxf3+ {[%clk 1:20:10]} 10. Qxf3 {[%clk 1:24:28]} Qxc4
{[%clk 1:20:19]} 11. Nd2 {[%clk 1:24:36]} Qb5 {[%clk 1:19:01]} 12. b3
{[%clk 1:23:40]} exd5 {[%clk 1:13:13]} 13. e5 {[%clk 1:23:36]} Ne4
{[%clk 1:12:11]} 14. Nxe4 {[%clk 1:23:50]} dxe4 {[%clk 1:12:38]} 15. Qxe4
{[%clk 1:23:43]} O-O {[%clk 1:12:15]} 16. Qf3 {[%clk 1:22:52]} Qc6
{[%clk 1:12:06]} 17. Qg3 {[%clk 1:22:52]} Qg6 {[%clk 1:12:17]} 18. Qf3
{[%clk 1:22:56]} d6 {[%clk 1:09:01]} 19. Rae1 {[%clk 1:22:17]} dxe5
{[%clk 1:07:21]} 20. Bxe5 {[%clk 1:22:21]} Bf6 {[%clk 1:06:42]} 21. Qe3
{[%clk 1:20:45]} Bxe5 {[%clk 1:06:50]} 22. Qxe5 {[%clk 1:21:10]} Qf6
{[%clk 0:56:16]} 23. Qe8 {[%clk 1:20:45]} Be6 {[%clk 0:54:00]} 24. Qb5
{[%clk 1:20:29]} Rab8 {[%clk 0:51:29]} 25. Re3 {[%clk 1:16:26]} a6
{[%clk 0:49:12]} 26. Qe2 {[%clk 1:13:44]} Rbc8 {[%clk 0:47:57]} 27. Re1
{[%clk 1:07:44]} Rc6 {[%clk 0:46:16]} 28. Re5 {[%clk 1:00:00]} Rfc8
{[%clk 0:44:32]} 29. Rd5 {[%clk 0:58:12]} Rc2 {[%clk 0:40:40]} 30. Qe3
{[%clk 0:56:41]} Qxf2+ {[%clk 0:35:44]} 31. Qxf2 {[%clk 0:56:44]} Rxf2
{[%clk 0:36:10]} 32. Ra5 {[%clk 0:56:16]} Rcc2 {[%clk 0:36:11]} 33. Rd5
{[%clk 0:55:46]} Rxg2+ {[%clk 0:36:01]} 34. Kh1 {[%clk 0:55:50]} Rxh2+
{[%clk 0:36:24]} 35. Kg1 {[%clk 0:56:15]} h6 {[%clk 0:36:18]} 36. Rd8+
{[%clk 0:54:51]} Kh7 {[%clk 0:34:38]} 37. Rd3 {[%clk 0:53:41]} Bh3
{[%clk 0:33:59]} 38. Rg3 {[%clk 0:53:43]} Rhg2+ {[%clk 0:33:41]} 39. Rxg2
{[%clk 0:53:45]} Rxg2+ {[%clk 0:34:04]} 40. Kh1 {[%clk 0:53:50]} Rxa2
{[%clk 0:34:19]} 41. Re3 {[%clk 0:54:06]} Be6 {[%clk 0:34:33]} 42. Rc3
{[%clk 0:53:30]} Ra3 {[%clk 0:34:42]} 43. Kg2 {[%clk 0:53:49]} Rxb3
{[%clk 0:35:07]} 44. Rxb3 {[%clk 0:53:37]} Bxb3 {[%clk 0:35:31]} 45. Kf3
{[%clk 0:54:03]} a5 {[%clk 0:35:55]} 46. Ke3 {[%clk 0:54:19]} a4 {[%clk 0:36:20]}
47. Kd3 {[%clk 0:54:32]} a3 {[%clk 0:36:41]} 48. Kc3 {[%clk 0:54:49]} a2
{[%clk 0:37:07]} 49. Kxb3 {[%clk 0:55:09]} a1=Q {[%clk 0:37:27]} 50. Kb4
{[%clk 0:55:31]} Qc1 {[%clk 0:37:35]} 51. Kb5 {[%clk 0:55:46]} h5
{[%clk 0:37:56]} 52. Kb6 {[%clk 0:55:57]} Qc6+ {[%clk 0:38:16]} 53. Ka7
{[%clk 0:56:09]} Qc7 {[%clk 0:38:16]} 54. Ka8 {[%clk 0:56:23]} h4
{[%clk 0:38:34]} 55. Ka7 {[%clk 0:56:44]} h3 {[%clk 0:38:58]} 56. Ka8
{[%clk 0:57:02]} h2 {[%clk 0:39:21]} 57. Ka7 {[%clk 0:57:26]} h1=Q
{[%clk 0:39:40]} 58. Ka8 {[%clk 0:57:51]} b6# {[%clk 0:39:50]} 0-1